[Event "Brno ÈEZ Talent"]
[Site "?"]
[Date "2014.08.24"]
[Round "1"]
[White "Polak, Tomas"]
[Black "Spodny, Josef"]
[Result "1-0"]
[WhiteElo "2511"]
[BlackElo "2007"]
[PlyCount "91"]
[EventDate "2014.??.??"]

1. d4 Nf6 2. c4 e6 3. Nf3 Bb4+ 4. Bd2 Qe7 5. g3 Nc6 6. a3 Bxd2+ 7. Qxd2 d6 8.
Bg2 O-O 9. O-O e5 10. Nc3 Bg4 11. e3 Rfe8 12. h3 Bxf3 13. Bxf3 exd4 14. exd4
Qd7 15. Kg2 Rad8 16. Rad1 b6 17. b4 Ne7 18. Qc2 d5 19. c5 b5 20. a4 a6 21. Qd3
c6 22. Rd2 Qf5 23. Ra1 h5 24. h4 Ne4 25. Nxe4 dxe4 26. Bxe4 Qf6 27. Qf3 Qxf3+
28. Bxf3 Nd5 29. Bxh5 Nxb4 30. axb5 axb5 31. Ra7 g6 32. Bf3 Kf8 33. h5 gxh5 34.
Bxh5 Re7 35. Ra1 Rd5 36. Bf3 Rd8 37. Rh1 Kg7 38. Rh4 Re6 39. Be4 Rh6 40. Rxh6
Kxh6 41. Kf3 Kg5 42. Ke3 f5 43. f4+ Kf6 44. Bf3 Rg8 45. Rb2 Re8+ 46. Kd2 1-0

[Event "Brno ÈEZ Talent"]
[Site "?"]
[Date "2014.08.24"]
[Round "1"]
[White "Kucera, Petr"]
[Black "Kociscak, Jiri"]
[Result "0-1"]
[WhiteElo "1981"]
[BlackElo "2458"]
[PlyCount "48"]
[EventDate "2014.??.??"]

1. e4 e5 2. Nf3 Nc6 3. Bb5 a6 4. Bxc6 dxc6 5. Nc3 Qd6 6. d4 exd4 7. Qxd4 Qxd4
8. Nxd4 Bd7 9. Bg5 f6 10. Be3 O-O-O 11. O-O-O c5 12. Nb3 b6 13. a4 Ne7 14. Nd2
Be6 15. b3 Nc6 16. Ne2 Be7 17. Nf4 Bf7 18. c4 Rhe8 19. Nd5 Bd6 20. Bf4 Bxd5 21.
Bxd6 Bxe4 22. Bf4 Bg6 23. Rhe1 Rxe1 24. Rxe1 Nb4 0-1

[Event "Brno ÈEZ Talent"]
[Site "?"]
[Date "2014.08.24"]
[Round "1"]
[White "Sergeev, Vladimir"]
[Black "Licka, Vlastimil"]
[Result "1-0"]
[WhiteElo "2438"]
[BlackElo "1959"]
[PlyCount "83"]
[EventDate "2014.??.??"]

1. d4 Nf6 2. c4 e6 3. Nf3 b6 4. Nc3 Bb7 5. a3 Be7 6. d5 O-O 7. g3 exd5 8. cxd5
d6 9. Bg2 Nbd7 10. Nd4 a6 11. O-O Re8 12. b3 Bf8 13. Bb2 g6 14. Qc2 Bh6 15.
Rad1 Qe7 16. h3 Nc5 17. e4 Bg7 18. b4 Ncd7 19. Rfe1 b5 20. Nb3 Rac8 21. e5 Nh5
22. Na5 Ba8 23. Nc6 Bxc6 24. dxc6 Nb6 25. exd6 Qxe1+ 26. Rxe1 Rxe1+ 27. Kh2
cxd6 28. Nd5 Nxd5 29. Bxg7 Nxg7 30. Qd2 Rce8 31. Qxd5 Nf5 32. c7 Rc1 33. Qb7
Nd4 34. Qb8 Kf8 35. c8=Q Rexc8 36. Qxd6+ Kg8 37. Qxd4 R1c3 38. Bb7 R8c4 39. Qf6
Rd3 40. Kg2 Rc1 41. Be4 Rxa3 42. Bd5 1-0

[Event "Brno ÈEZ Talent"]
[Site "?"]
[Date "2014.08.24"]
[Round "1"]
[White "Benes, Miroslav"]
[Black "Kraus, Tomas"]
[Result "0-1"]
[WhiteElo "1957"]
[BlackElo "2400"]
[PlyCount "70"]
[EventDate "2014.??.??"]

1. d4 Nf6 2. c4 g6 3. Nc3 d5 4. Nf3 Bg7 5. Bg5 Ne4 6. cxd5 Nxg5 7. Nxg5 e6 8.
Qa4+ c6 9. dxc6 Nxc6 10. Nf3 Bd7 11. Qd1 Qb6 12. e3 Qxb2 13. Qc1 Qxc1+ 14. Rxc1
Bf8 15. Be2 Ba3 16. Rb1 Bb4 17. Rb3 Rc8 18. O-O Ke7 19. Ne4 f5 20. Ned2 Bxd2
21. Nxd2 Na5 22. Rb2 Rc3 23. h4 Rhc8 24. Nf3 Bc6 25. Ne5 Bd5 26. Bf3 Rc2 27.
Rfb1 Bxa2 28. Rxb7+ Nxb7 29. Rxb7+ R8c7 30. Nc6+ Kd6 31. Rxa7 Rxa7 32. Nxa7 Bd5
33. Nb5+ Kc6 34. Bxd5+ exd5 35. Na3 Rc3 0-1

[Event "Brno ÈEZ Talent"]
[Site "?"]
[Date "2014.08.24"]
[Round "1"]
[White "Lanc, Alois"]
[Black "Stehlik, Jiri"]
[Result "0-1"]
[WhiteElo "2363"]
[BlackElo "1945"]
[PlyCount "88"]
[EventDate "2014.??.??"]

1. e4 c5 2. Nf3 Nc6 3. Bb5 g6 4. Bxc6 dxc6 5. O-O Bg4 6. h3 Bxf3 7. Qxf3 Bg7 8.
d3 e5 9. a3 Nf6 10. Be3 Qe7 11. Nd2 Nd7 12. b4 O-O 13. Rfb1 b6 14. Nc4 Rac8 15.
Ra2 f5 16. Re1 cxb4 17. axb4 b5 18. Na5 Qxb4 19. Rea1 fxe4 20. Qxe4 Qxe4 21.
dxe4 Nb6 22. Nb3 Na4 23. Nc5 Nxc5 24. Bxc5 Rf7 25. Rxa7 Rfc7 26. Kf1 Bf6 27.
Ke2 h5 28. R1a6 Bg5 29. Rxc7 Rxc7 30. Bd6 Rc8 31. Bxe5 Be7 32. Ra7 Kf8 33. f4
Bc5 34. Rh7 Re8 35. Kf3 Re7 36. Rh8+ Kf7 37. Rc8 Re6 38. Bb8 Bd4 39. e5 Re8 40.
Rxe8 Kxe8 41. Ke4 Bc3 42. g4 hxg4 43. hxg4 Kf7 44. f5 gxf5+ {(Time!)} 0-1

[Event "Brno ÈEZ Talent"]
[Site "?"]
[Date "2014.08.24"]
[Round "1"]
[White "Veznik, Michael"]
[Black "Roubalik, Jakub"]
[Result "0-1"]
[WhiteElo "1934"]
[BlackElo "2347"]
[PlyCount "46"]
[EventDate "2014.??.??"]

1. Nf3 Nf6 2. c4 e6 3. Nc3 d5 4. d4 c6 5. e3 Nbd7 6. cxd5 exd5 7. Bd3 Be7 8.
O-O O-O 9. b3 Re8 10. Bb2 Bd6 11. Qc2 Qe7 12. Rfe1 Ne4 13. Re2 Nf8 14. h3 Ng6
15. Bxe4 dxe4 16. Nd2 Bf5 17. Nc4 Bc7 18. Ree1 Nh4 19. Kh1 Qe6 20. d5 cxd5 21.
Nb5 Bxh3 22. Nxc7 Bxg2+ 23. Kg1 Nf3+ 0-1

[Event "Brno ÈEZ Talent"]
[Site "?"]
[Date "2014.08.24"]
[Round "1"]
[White "Chudinovskikh, Alexander M"]
[Black "Hyll, Jan"]
[Result "1-0"]
[WhiteElo "2273"]
[BlackElo "1932"]
[PlyCount "65"]
[EventDate "2014.??.??"]

1. e4 d5 2. exd5 Nf6 3. Nf3 Nxd5 4. d4 Bg4 5. h3 Bh5 6. g4 Bg6 7. Ne5 Nd7 8.
Nxg6 hxg6 9. Bg2 e6 10. Qe2 c6 11. c4 Bb4+ 12. Kf1 N5f6 13. d5 cxd5 14. cxd5 e5
15. Nc3 O-O 16. Be3 Rc8 17. Qb5 Bc5 18. Rd1 Bxe3 19. fxe3 a6 20. Qb4 Nc5 21. d6
Nfd7 22. Nd5 Re8 23. h4 a5 24. Qb5 g5 25. h5 Nf6 26. Nb6 Nxg4 27. Ke2 Ne6 28.
Nxc8 Nd4+ 29. exd4 exd4+ 30. Kd2 Re5 31. Qxb7 Rc5 32. Ne7+ Kh8 33. Qa7 1-0

[Event "Brno ÈEZ Talent"]
[Site "?"]
[Date "2014.08.24"]
[Round "1"]
[White "Zeman, Radek"]
[Black "Kratochvil, Josef"]
[Result "0-1"]
[WhiteElo "1845"]
[BlackElo "2269"]
[PlyCount "68"]
[EventDate "2014.??.??"]

1. e4 c5 2. Nf3 e6 3. d3 d5 4. Nbd2 Nc6 5. g3 Nf6 6. Bg2 b6 7. O-O Bb7 8. e5
Nd7 9. Re1 Be7 10. Nf1 g5 11. h3 h5 12. N1h2 Rg8 13. g4 hxg4 14. Nxg4 Qc7 15.
c3 O-O-O 16. d4 Kb8 17. Nh6 Rg7 18. Nxg5 Bxg5 19. Bxg5 Rxg5 20. Nxf7 Rxg2+ 21.
Kxg2 Rg8+ 22. Kh2 Nf6 23. Nd6 Ne4 24. Nxe4 dxe4 25. Rg1 Rf8 26. Qd2 Qd8 27.
Rad1 cxd4 28. cxd4 Qh4 29. Rg3 Ne7 30. b4 Nf5 31. Rg4 Qh7 32. Qe1 Nh4 33. Qf1
e3 34. f4 Qc2+ 0-1

[Event "Brno ÈEZ Talent"]
[Site "?"]
[Date "2014.08.24"]
[Round "1"]
[White "Holemar, David"]
[Black "Hrdlicka, Vladan"]
[Result "1-0"]
[WhiteElo "2246"]
[BlackElo "1823"]
[PlyCount "83"]
[EventDate "2014.??.??"]

1. Nc3 e5 2. Nf3 Nc6 3. e4 Nf6 4. a3 d5 5. exd5 Nxd5 6. Bb5 Nxc3 7. bxc3 Bd6 8.
d4 O-O 9. O-O Bg4 10. h3 Bh5 11. g4 Bg6 12. Bxc6 bxc6 13. dxe5 Bc5 14. Qe2 Qd5
15. Rd1 Qe4 16. Re1 Qxc2 17. Qxc2 Bxc2 18. Be3 Bb6 19. a4 Ba5 20. Ra3 Be4 21.
Nd2 Bd5 22. Rc1 Rfd8 23. c4 Bxd2 24. Bxd2 Be4 25. Ba5 Rac8 26. Re3 Bg6 27. f4
f5 28. exf6 gxf6 29. f5 Bf7 30. Bc3 Re8 31. Rxe8+ Rxe8 32. Bxf6 Re4 33. Rd1
Bxc4 34. Rd7 Bf7 35. Rxc7 Rxa4 36. Rc8+ Be8 37. Rxe8+ Kf7 38. Re6 c5 39. Bg5 c4
40. Re7+ Kg8 41. Bh6 Ra6 42. g5 1-0

[Event "Brno ÈEZ Talent"]
[Site "?"]
[Date "2014.08.24"]
[Round "1"]
[White "Greussing, Stefan"]
[Black "Blahynka, Martin"]
[Result "0-1"]
[WhiteElo "1803"]
[BlackElo "2210"]
[PlyCount "76"]
[EventDate "2014.??.??"]

1. e4 e5 2. Nf3 Nc6 3. Bb5 a6 4. Ba4 Nge7 5. O-O g6 6. c3 Bg7 7. d4 exd4 8.
cxd4 b5 9. Bc2 d5 10. exd5 Nxd5 11. Re1+ Be6 12. Nc3 O-O 13. Bg5 Nxc3 14. bxc3
Qd6 15. Be4 Bd5 16. Bxd5 Qxd5 17. Qb3 Qf5 18. Rad1 Rfe8 19. Qb1 Qd5 20. Qb3 Qd7
21. Bf4 Rad8 22. Bg5 Rxe1+ 23. Rxe1 Re8 24. Rxe8+ Qxe8 25. Qd5 b4 26. c4 Nxd4
27. h3 h6 28. Bd2 Qa4 29. c5 Qd1+ 30. Kh2 Nxf3+ 31. gxf3 c6 32. Qd8+ Kh7 33.
Kg2 Bc3 34. Bg5 Qxd8 35. Bxd8 Bd4 36. Bb6 Kg7 37. Kf1 Kf6 38. Ke2 Ke6 0-1

[Event "Brno ÈEZ Talent"]
[Site "?"]
[Date "2014.08.24"]
[Round "1"]
[White "Kozusek, Daniel"]
[Black "Kaplan, Milan"]
[Result "0-1"]
[WhiteElo "2191"]
[BlackElo "1800"]
[PlyCount "116"]
[EventDate "2014.??.??"]

1. d4 Nf6 2. c4 e6 3. g3 d5 4. Nf3 Bb4+ 5. Bd2 Qe7 6. a3 Bxd2+ 7. Nbxd2 O-O 8.
Bg2 b6 9. cxd5 exd5 10. O-O Bb7 11. Rc1 c5 12. Ne5 c4 13. e3 b5 14. a4 b4 15.
Qf3 Ne4 16. Nxe4 dxe4 17. Qf4 f5 18. Nxc4 Nc6 19. Qd6 Rac8 20. Qxe7 Nxe7 21.
Nd6 Rxc1 22. Rxc1 Bd5 23. Bf1 Rd8 24. Nb5 Rc8 25. Rc5 Rxc5 26. dxc5 Nc6 27. Nc7
Bb3 28. Bb5 Ne5 29. Na6 Nd3 30. c6 Be6 31. Bxd3 exd3 32. Kf1 Bc4 33. Ke1 Bxa6
34. Kd2 b3 35. Kc3 Kf7 36. Kxb3 Ke7 37. Kc3 Kd6 38. c7 Kxc7 39. b4 d2 40. Kxd2
Kb6 41. Kc3 Bb7 42. Kc4 a5 43. bxa5+ Kxa5 44. Kd4 Kxa4 45. Ke5 Bc8 46. Kd6 Kb4
47. Ke7 g5 48. h3 Kc4 49. Kf6 g4 50. h4 Kd3 51. h5 Ke2 52. Kg7 Kxf2 53. Kxh7
Kxe3 54. Kg6 f4 55. h6 Ke4 56. Kg5 Bf5 57. h7 Bxh7 58. Kxg4 f3 0-1

[Event "Brno ÈEZ Talent"]
[Site "?"]
[Date "2014.08.24"]
[Round "1"]
[White "Kosina, Vladimir"]
[Black "Skacelik, Petr"]
[Result "0-1"]
[WhiteElo "1799"]
[BlackElo "2173"]
[PlyCount "142"]
[EventDate "2014.??.??"]

1. Nf3 Nf6 2. d4 g6 3. c4 Bg7 4. Nc3 O-O 5. e4 d6 6. Be2 Nbd7 7. O-O e5 8. dxe5
dxe5 9. Qc2 c6 10. b3 Re8 11. Bb2 Nh5 12. Rfd1 Nf4 13. Bf1 Qc7 14. g3 Ne6 15.
Na4 Nb6 16. b4 c5 17. a3 Nd4 18. Nxd4 cxd4 19. Nc5 Bg4 20. Rd3 Nd7 21. Nb3 Rac8
22. h3 Be6 23. c5 b6 24. Rc1 bxc5 25. Nxc5 Nxc5 26. bxc5 Qc6 27. Bg2 Bf8 28. f4
f6 29. fxe5 fxe5 30. Qd2 Bxc5 31. Qg5 Qd6 32. Kh2 Bb6 33. Rcd1 Bc4 34. R3d2 Qe7
35. Qg4 Rf8 36. h4 Be6 37. Qe2 Qd7 38. Rf1 Rxf1 39. Qxf1 Rf8 40. Qc1 Qd6 41.
Qd1 Bc4 42. Qa4 Qe6 43. Bh3 Qf7 44. Qc6 Re8 45. Bg2 Qe6 46. Qa4 Re7 47. Qd1 Bb3
48. Qe2 Ba5 49. Rd1 Bxd1 50. Qxd1 Qc6 51. Bc1 Kg7 52. Bg5 Rf7 53. Qb3 Rb7 54.
Qd3 h6 55. Bd2 Qb5 56. Qc2 d3 57. Qc1 Bxd2 58. Qxd2 Rc7 59. Qe3 Rd7 60. Qd2 Qc5
61. a4 Rd4 62. Qb2 Qb4 63. Qc1 d2 64. Qc7+ Kf6 65. Qc8 Qe7 66. Qh8+ Qg7 67. Qc8
d1=Q 68. Qa6+ Rd6 69. Qc8 Rd8 70. Qc5 Qe7 71. Qf2+ Kg7 0-1

[Event "Brno ÈEZ Talent"]
[Site "?"]
[Date "2014.08.24"]
[Round "1"]
[White "Vechet, Stanislav"]
[Black "Khachatouri, Saro"]
[Result "1-0"]
[WhiteElo "2151"]
[BlackElo "1790"]
[PlyCount "63"]
[EventDate "2014.??.??"]

1. d4 Nf6 2. g3 g6 3. Bg2 Bg7 4. e4 d6 5. Nc3 O-O 6. Nge2 e5 7. h3 Re8 8. Be3
c6 9. dxe5 dxe5 10. Qxd8 Rxd8 11. Nc1 Be6 12. Nd3 Na6 13. b3 Nd7 14. g4 f5 15.
gxf5 gxf5 16. f3 c5 17. Rb1 c4 18. bxc4 Bxc4 19. exf5 Bxd3 20. cxd3 Ndc5 21.
Ne4 Nxd3+ 22. Ke2 Nab4 23. Rhd1 Rac8 24. a3 Rc2+ 25. Rd2 Rxd2+ 26. Bxd2 Nd5 27.
Kxd3 Nf4+ 28. Kc2 Rc8+ 29. Kb3 Nxg2 30. Rg1 Nh4 31. f6 Nf5 32. Bc3 1-0

[Event "Brno ÈEZ Talent"]
[Site "?"]
[Date "2014.08.24"]
[Round "1"]
[White "Turza, Pavel"]
[Black "Dvorak, Adam"]
[Result "0-1"]
[WhiteElo "1776"]
[BlackElo "2130"]
[PlyCount "76"]
[EventDate "2014.??.??"]

1. Nc3 c5 2. e4 a6 3. a4 e6 4. Nf3 d6 5. d3 Be7 6. Bf4 b6 7. Qd2 Bb7 8. Be2 Nf6
9. h3 Nc6 10. Bd1 O-O 11. g4 Ne8 12. Rg1 d5 13. g5 Nd4 14. e5 Nf5 15. Nh2 Kh8
16. Ng4 Nc7 17. Ne2 d4 18. Ng3 Nd5 19. Nf6 c4 20. Nxd5 Qxd5 21. Ne4 cxd3 22.
cxd3 a5 23. Qe2 Bb4+ 24. Kf1 Ba6 25. Rc1 Rac8 26. Rxc8 Rxc8 27. Bc2 Rxc2 28.
Qxc2 Qxe4 29. Qc8+ Bxc8 30. dxe4 Nh4 31. Ke2 Ba6+ 32. Kd1 Bc4 33. Rg3 Ng6 34.
Bd2 Nxe5 35. Bxb4 axb4 36. Kd2 Nd7 37. b3 Ba6 38. f3 Nc5 0-1

[Event "Brno ÈEZ Talent"]
[Site "?"]
[Date "2014.08.24"]
[Round "1"]
[White "Pokorny, Petr"]
[Black "Zikan, Karel"]
[Result "1-0"]
[WhiteElo "2126"]
[BlackElo "1772"]
[PlyCount "73"]
[EventDate "2014.??.??"]

1. d4 Nf6 2. c4 e6 3. Nc3 d5 4. cxd5 exd5 5. Bg5 c6 6. e3 Bf5 7. Qf3 Bg6 8.
Bxf6 Qxf6 9. Qxf6 gxf6 10. h4 h5 11. Nh3 Bd6 12. g3 Nd7 13. Nf4 Nf8 14. Kd2 Ne6
15. Bh3 Ke7 16. Bxe6 Bxf4 17. Bxd5 Bd6 18. Bf3 c5 19. Nd5+ Ke6 20. dxc5 Be5 21.
Nf4+ Ke7 22. Nxg6+ fxg6 23. Rab1 Rhd8+ 24. Ke2 Rac8 25. b4 Rc7 26. Rhd1 Rcd7
27. Rxd7+ Rxd7 28. Rb3 Kd8 29. Rd3 Rxd3 30. Kxd3 Kc7 31. Be4 f5 32. Bd5 Bf6 33.
Bf7 g5 34. hxg5 Bxg5 35. Bxh5 b6 36. Kc4 bxc5 37. bxc5 1-0

[Event "Brno ÈEZ Talent"]
[Site "?"]
[Date "2014.08.24"]
[Round "1"]
[White "Blazek, Pavel"]
[Black "Ketola, Ville"]
[Result "0-1"]
[WhiteElo "1770"]
[BlackElo "2121"]
[PlyCount "94"]
[EventDate "2014.??.??"]

1. e4 c5 2. Nf3 e6 3. d4 cxd4 4. Nxd4 Nc6 5. Nc3 a6 6. Be2 Qc7 7. Nxc6 bxc6 8.
Qd4 d5 9. e5 Rb8 10. f4 Ne7 11. O-O Nf5 12. Qf2 Qa5 13. Kh1 Bc5 14. Qe1 h5 15.
Bd3 h4 16. Bxf5 exf5 17. Ne2 Qd8 18. Ng1 Be6 19. Qc3 Qe7 20. Nf3 h3 21. g3 d4
22. Nxd4 Bd5+ 23. Nf3 Qa7 24. Qd3 Be4 25. Qe2 O-O 26. b3 Rfd8 27. Re1 Qd7 28.
Be3 Qd5 29. Rf1 Bxe3 30. Qxe3 Bxc2 31. Rac1 Be4 32. Kg1 Rd7 33. Rc5 Qd3 34.
Qxd3 Rxd3 35. Ng5 Bg2 36. Re1 f6 37. exf6 gxf6 38. Ne6 Be4 39. Re2 Bf3 40. Re1
Be4 41. Ra5 Rd2 42. Nc5 Rg2+ 43. Kf1 Rxh2 44. Nxe4 fxe4 45. Rh5 Rd8 46. g4 Rdd2
47. Kg1 Rdg2+ 0-1

[Event "Brno ÈEZ Talent"]
[Site "?"]
[Date "2014.08.24"]
[Round "1"]
[White "Richterova, Natasa"]
[Black "Dumkova, Daniela"]
[Result "1-0"]
[WhiteElo "2105"]
[BlackElo "1745"]
[PlyCount "69"]
[EventDate "2014.??.??"]

1. e4 c5 2. Nf3 d6 3. Bb5+ Bd7 4. Bxd7+ Qxd7 5. c4 Nc6 6. d4 cxd4 7. Nxd4 e6 8.
Nc3 Nf6 9. O-O Be7 10. Be3 O-O 11. Rc1 Rfd8 12. f4 a6 13. Nde2 Rab8 14. Bb6
Rdc8 15. Ng3 e5 16. f5 Nd8 17. Nd5 Nxd5 18. exd5 f6 19. Ne4 Nf7 20. h4 Bd8 21.
Be3 b5 22. c5 dxc5 23. Nxc5 Qd6 24. b4 Bb6 25. Qf3 Ba7 26. Kh1 Nd8 27. Rfd1 Kh8
28. a3 Kg8 29. Qg4 Kh8 30. h5 Rc7 31. h6 gxh6 32. Ne4 Qd7 33. Nxf6 Qf7 34. Rxc7
Qxc7 35. Qg8# 1-0

[Event "Brno ÈEZ Talent"]
[Site "?"]
[Date "2014.08.24"]
[Round "1"]
[White "Effenberger, Adam"]
[Black "Meszaros, Ludek"]
[Result "0-1"]
[WhiteElo "1734"]
[BlackElo "2101"]
[PlyCount "64"]
[EventDate "2014.??.??"]

1. e4 e5 2. f4 d5 3. exd5 exf4 4. Nf3 Nf6 5. Bc4 Nxd5 6. O-O Be6 7. Qe2 Be7 8.
d4 Nc6 9. Nc3 O-O 10. Nxd5 Bxd5 11. Bxd5 Qxd5 12. c4 Qe6 13. Qd3 Rad8 14. Bxf4
Nxd4 15. Rae1 Nxf3+ 16. Qxf3 Qb6+ 17. Kh1 Bf6 18. Qg3 Rd7 19. b3 Qd4 20. Bxc7
Bh4 21. Qf4 Qxf4 22. Bxf4 Bxe1 23. Rxe1 Rfd8 24. Kg1 Rd1 25. Kf2 Rxe1 26. Kxe1
f5 27. Ke2 Kf7 28. c5 Ke6 29. b4 Kd5 30. Kd3 Re8 31. Bd2 a5 32. a4 Re4 0-1

[Event "Brno ÈEZ Talent"]
[Site "?"]
[Date "2014.08.24"]
[Round "1"]
[White "Majer, Jiri"]
[Black "Martirosyan, Ara"]
[Result "1-0"]
[WhiteElo "2067"]
[BlackElo "1729"]
[PlyCount "97"]
[EventDate "2014.??.??"]

1. d4 Nf6 2. Nf3 g6 3. g3 Bg7 4. Bg2 O-O 5. c4 d5 6. cxd5 Nxd5 7. O-O Bf5 8.
Re1 Nb4 9. e4 Bg4 10. Be3 c5 11. Qb3 N8c6 12. dxc5 Be6 13. Qa4 Nd3 14. Nc3 Nxe1
15. Rxe1 Qa5 16. Qxa5 Nxa5 17. Nd4 Bd7 18. Bf1 Nc6 19. Nc2 Ne5 20. Kg2 Bg4 21.
f4 Nc6 22. h3 Be6 23. Nd5 Rad8 24. Bc4 Bxb2 25. Rb1 Bg7 26. Ncb4 Bxd5 27. exd5
Na5 28. Be2 Bc3 29. a3 Rc8 30. Na2 Bg7 31. Rb5 b6 32. Nb4 Nb7 33. Nc6 Rfe8 34.
Nxa7 Rc7 35. cxb6 Rc3 36. Kf2 Rxa3 37. Nc6 Nd6 38. Ra5 Rxa5 39. Nxa5 Bc3 40.
Nc6 Ra8 41. Nxe7+ Kf8 42. Nc6 Ke8 43. Kf3 Kd7 44. Bc5 Nb7 45. Be3 Kd6 46. Na7
Be1 47. Bb5 Nc5 48. Bc6 Rb8 49. Nb5+ 1-0

[Event "Brno ÈEZ Talent"]
[Site "?"]
[Date "2014.08.24"]
[Round "1"]
[White "Svanda, Ondrej"]
[Black "Hajek, Oskar"]
[Result "1/2-1/2"]
[WhiteElo "1725"]
[BlackElo "2061"]
[PlyCount "150"]
[EventDate "2014.??.??"]

1. e4 d6 2. d4 Nf6 3. Nc3 e5 4. dxe5 dxe5 5. Qxd8+ Kxd8 6. Bc4 Be6 7. Bxe6 fxe6
8. Nf3 Bd6 9. Be3 Ke7 10. O-O-O Nc6 11. Nd2 a6 12. f3 h6 13. Nc4 b5 14. Nxd6
cxd6 15. Bb6 Rhc8 16. Rd2 Rab8 17. Bf2 Rb7 18. Rhd1 Ne8 19. Bg3 a5 20. f4 exf4
21. Bxf4 Rd8 22. Ne2 a4 23. e5 d5 24. Nd4 Rc8 25. Nxc6+ Rxc6 26. Rf2 b4 27. Kb1
b3 28. axb3 axb3 29. cxb3 Rxb3 30. Rf3 Rcb6 31. Rxb3 Rxb3 32. Kc2 Rb4 33. Bd2
Re4 34. Bc3 Nc7 35. Re1 Rf4 36. Kd3 Nb5 37. Re3 Nxc3 38. bxc3 Rf2 39. Re2 Rf1
40. Rb2 Re1 41. Re2 Rh1 42. h3 Kf7 43. Ke3 Rd1 44. Kf4 Kg6 45. g4 Rd3 46. h4
Rxc3 47. h5+ Kf7 48. Re1 Rc4+ 49. Kf3 g6 50. Kg3 Rc3+ 51. Kg2 gxh5 52. gxh5 Ke7
53. Rf1 Re3 54. Rf6 Rxe5 55. Rxh6 d4 56. Rh7+ Kd6 57. Rh8 Kc5 58. h6 d3 59. h7
d2 60. Rc8+ Kb4 61. Rd8 Rh5 62. Rxd2 Rxh7 63. Kf3 Kc5 64. Ke4 Rh1 65. Rc2+ Kd6
66. Rd2+ Ke7 67. Re2 Rh5 68. Re1 Rf5 69. Re2 Rf1 70. Re3 Rb1 71. Rh3 Rf1 72.
Re3 Rb1 73. Rf3 Rb4+ 74. Ke5 Rb5+ 75. Ke4 Rb4+ {a remíza v 88. tahu.} 1/2-1/2

[Event "Brno ÈEZ Talent"]
[Site "?"]
[Date "2014.08.24"]
[Round "1"]
[White "Uhmann, Jan"]
[Black "Prokop, Jiri"]
[Result "1-0"]
[WhiteElo "2048"]
[BlackElo "1693"]
[PlyCount "75"]
[EventDate "2014.??.??"]

1. e4 d6 2. d4 Nf6 3. Nc3 g6 4. f4 Bg7 5. Nf3 c6 6. b3 a6 7. Bb2 b5 8. Bd3 O-O
9. e5 Nd5 10. Nxd5 cxd5 11. a4 b4 12. c4 e6 13. c5 dxc5 14. dxc5 Nc6 15. Nd4
Bb7 16. Nxc6 Bxc6 17. a5 Qc7 18. Bd4 Rfb8 19. h4 f5 20. g4 Bb5 21. h5 Bxd3 22.
Qxd3 Qf7 23. gxf5 exf5 24. Ra2 Qe6 25. Rg1 gxh5 26. Rag2 Rb7 27. Rg5 Rf8 28.
Qh3 h6 29. Rg6 Qe8 30. e6 Rff7 31. c6 Rbc7 32. Be5 Rfe7 33. Bxc7 Rxc7 34. Qg3
Kf8 35. Rxg7 Qxe6+ 36. Kd2 Rf7 37. Rxf7+ Qxf7 38. c7 1-0

[Event "Brno ÈEZ Talent"]
[Site "?"]
[Date "2014.08.24"]
[Round "1"]
[White "Lisik, Miroslav"]
[Black "Zpevakova, Jana"]
[Result "0-1"]
[WhiteElo "1678"]
[BlackElo "2042"]
[PlyCount "42"]
[EventDate "2014.??.??"]

1. e4 e6 2. d4 d5 3. Nd2 c5 4. Ngf3 Nc6 5. c3 cxd4 6. cxd4 Nge7 7. Bd3 Bd7 8.
O-O Qb6 9. Nb3 Nb4 10. Bb1 Ba4 11. Be3 Rc8 12. Ne5 f6 13. Nf3 g6 14. Nh4 Bg7
15. f4 dxe4 16. Bxe4 f5 17. Bb1 Nbd5 18. Bf2 Nxf4 19. d5 Qd8 20. Bxa7 Nexd5 21.
Bd4 Bxd4+ 0-1

[Event "Brno ÈEZ Talent"]
[Site "?"]
[Date "2014.08.24"]
[Round "1"]
[White "Hosek, Martin"]
[Black "Glacner, Karel"]
[Result "1-0"]
[WhiteElo "2039"]
[BlackElo "1574"]
[PlyCount "47"]
[EventDate "2014.??.??"]

1. d4 Nf6 2. c4 e6 3. Nf3 Bb4+ 4. Bd2 Qe7 5. Nc3 O-O 6. Qc2 a6 7. e4 h6 8. e5
Ne8 9. Bd3 d6 10. O-O Bxc3 11. Bxc3 a5 12. Nd2 f5 13. exf6 Nxf6 14. Rae1 Nh5
15. g3 Qg5 {(R)} 16. Ne4 Qe7 17. f4 Qd7 18. Qe2 Nf6 19. Nxf6+ gxf6 20. f5 e5
21. Qh5 Qg7 22. Re4 Kh8 23. Rg4 Qe7 24. Qxh6+ 1-0

[Event "Brno ÈEZ Talent"]
[Site "?"]
[Date "2014.08.24"]
[Round "1"]
[White "Glozar, Petr"]
[Black "Miculka, Petr"]
[Result "1-0"]
[WhiteElo "1566"]
[BlackElo "2029"]
[PlyCount "41"]
[EventDate "2014.??.??"]

1. e4 c5 2. Nf3 a6 3. d4 cxd4 4. Nxd4 Nf6 5. Nc3 e5 6. Nf3 Nc6 7. Bc4 Bb4 8.
Bd2 O-O 9. O-O Bxc3 10. Bxc3 Nxe4 11. Bxe5 Nxe5 12. Nxe5 Nf6 13. Qd6 Qa5 14.
Rfe1 b5 15. Bb3 Bb7 16. Nxf7 Rxf7 17. Re7 Bd5 18. Bxd5 Nxd5 19. Rxf7 Re8 20. b4
Qxa2 21. Rf8+ 1-0

[Event "Brno ÈEZ Talent"]
[Site "?"]
[Date "2014.08.24"]
[Round "1"]
[White "Milcova, Zuzana"]
[Black "Svanda, Adam"]
[Result "1-0"]
[WhiteElo "2027"]
[BlackElo "1486"]
[PlyCount "59"]
[EventDate "2014.??.??"]

1. e4 d5 2. exd5 Qxd5 3. Nf3 Nf6 4. h3 Bf5 5. Nc3 Qa5 6. Bc4 c6 7. O-O e6 8. d3
Bb4 9. Bd2 O-O 10. a3 Bxc3 11. Bxc3 Qd8 12. Nh4 Bg6 13. Nxg6 hxg6 14. b4 Nd5
15. Bb2 Nd7 16. Qd2 N7b6 17. Bb3 Qe7 18. Rfd1 Rfd8 19. Rac1 Nd7 20. c4 N5f6 21.
Qc3 c5 22. d4 cxd4 23. Rxd4 Nb6 24. Rcd1 Rd7 25. c5 Rxd4 26. Rxd4 Rc8 27. Qf3
Nbd7 28. Ba4 Re8 29. Qc3 Nd5 30. Rxd5 1-0

[Event "Brno ÈEZ Talent"]
[Site "?"]
[Date "2014.08.24"]
[Round "1"]
[White "Tovarek, Antonin"]
[Black "Miculka, David"]
[Result "1-0"]
[WhiteElo "2029"]
[BlackElo "2018"]
[PlyCount "61"]
[EventDate "2014.??.??"]

1. e4 c5 2. Nf3 Nc6 3. c3 d5 4. exd5 Qxd5 5. d4 e5 6. dxe5 Qxd1+ 7. Kxd1 Bg4 8.
Bf4 O-O-O+ 9. Nbd2 Nge7 10. Kc1 Ng6 11. Bg3 Be7 12. Bc4 Rhf8 13. Re1 a6 14. a4
h5 15. h3 Bf5 16. Ba2 b5 17. axb5 axb5 18. Bb1 Bxb1 19. Kxb1 Kb7 20. Kc2 Rd5
21. Nb3 Rfd8 22. Na5+ Nxa5 23. Rxa5 Kb6 24. Rea1 c4 25. Ra6+ Kb7 26. Ra7+ Kc8
27. R1a6 Rc5 28. e6 f5 29. Nd4 f4 30. Bxf4 Nxf4 31. Rxe7 1-0

[Event "Brno ÈEZ Talent"]
[Site "?"]
[Date "2014.08.24"]
[Round "1"]
[White "Koci, Tereza"]
[Black "Barak, David"]
[Result "1-0"]
[WhiteElo "1573"]
[BlackElo "1409"]
[PlyCount "79"]
[EventDate "2014.??.??"]

1. d4 d5 2. Nf3 Nc6 3. c4 Nf6 4. cxd5 Nxd5 5. e4 Nf6 6. Nc3 Bg4 7. d5 Bxf3 8.
Qxf3 Ne5 9. Qg3 Ng6 10. Bb5+ Nd7 11. Be3 a6 12. Be2 e5 13. dxe6 fxe6 14. Bc4
Bd6 15. Qg4 e5 16. Bg5 Nf6 17. Qf5 Rf8 18. Nd5 c6 19. Qe6+ Be7 20. Nxf6+ gxf6
21. Bh6 Nf4 22. Qg4 Qa5+ 23. Kf1 Qc5 24. Rc1 Qd6 25. Bxf8 Bxf8 26. Rd1 Qe7 27.
g3 Ng6 28. Kg2 b5 29. Bb3 c5 30. Be6 Rd8 31. Rxd8+ Qxd8 32. Rd1 Bd6 33. Qh5 Qe7
34. Bf5 Kd8 35. Bxg6 hxg6 36. Qxg6 Kc7 37. h4 Qf8 38. h5 Kc6 39. h6 Qh8 40. Qg7
1-0

[Event "Brno ÈEZ Talent"]
[Site "?"]
[Date "2014.08.24"]
[Round "2"]
[White "Ketola, Ville"]
[Black "Polak, Tomas"]
[Result "0-1"]
[WhiteElo "2121"]
[BlackElo "2511"]
[PlyCount "74"]
[EventDate "2014.??.??"]

1. e4 b6 2. d4 Bb7 3. Nc3 e6 4. Bd3 Nf6 5. Nf3 Bb4 6. Qe2 d5 7. exd5 Qxd5 8.
O-O Bxc3 9. bxc3 O-O 10. Qe5 c5 11. dxc5 bxc5 12. Rd1 Nbd7 13. Bxh7+ Kxh7 14.
Rxd5 Nxe5 15. Rxe5 Bxf3 16. gxf3 c4 17. Rc5 Rfc8 18. Rxc8 Rxc8 19. Rb1 Nd5 20.
Bd2 Kg6 21. Rb7 Rc7 22. Rxc7 Nxc7 23. Kf1 Nd5 24. Ke2 Kh5 25. Kf1 Kh4 26. Kg2
g5 27. h3 Nf4+ 28. Bxf4 gxf4 29. Kh2 f6 30. Kg2 f5 31. Kh2 e5 32. Kg2 e4 33.
Kh2 e3 34. fxe3 fxe3 35. Kg2 f4 36. a3 a6 37. a4 a5 0-1